Theory and practice of classic detective fiction
Saved in:
| Other Authors: | , |
|---|---|
| Format: | Book |
| Language: | English |
| Published: |
Westport, Conn. :
Greenwood Press,
1997
|
| Series: | Contributions to the study of popular culture ;
; 62 |
| Subjects: | |
| Tags: |
Add Tag
No Tags, Be the first to tag this record!
|
MARC
| LEADER | 00000nam a2200000 i 4500 | ||
|---|---|---|---|
| 001 | 1/59807 | ||
| 008 | 071022s1997 eng d | ||
| 020 | |a 0-313-30462-9 | ||
| 035 | |l 10091720 | ||
| 040 | |a GR-MY-UA |b gre |e aacr | ||
| 041 | 0 | |a eng | |
| 082 | 0 | |a 823.087209 |2 (22) | |
| 245 | 1 | 0 | |a Theory and practice of classic detective fiction / |c edited by Jerome H. Delamater and Ruth Prigozy ; prepared under the auspices of Hofstra University |
| 260 | |a Westport, Conn. : |b Greenwood Press, |c 1997 | ||
| 300 | |a xi, 202 σ.; |c 25 εκ. | ||
| 490 | 1 | |a Contributions to the study of popular culture |v ; 62 | |
| 504 | |a Περιλαμβάνει βιβλιογραφίες και ευρετήριο | ||
| 650 | 0 | 0 | |a Detective and mystery stories, English |x History and criticism. |
| 650 | 0 | 0 | |a Detective and mystery stories |x History and criticism. |
| 700 | 1 | |a Delamater, Jerome. |4 edt | |
| 700 | 1 | |a Prigozy, Ruth. |4 edt | |
| 830 | 0 | |a Contributions to the study of popular culture ; |v ; 62 | |
| 852 | |a INST |b RHODES |e 20071022 |h 823.087209 THE |p 005400025385 |q 005400025385 |t BK |y 0 | ||
| 901 | |a BIBL4-2007-3 | ||
| 909 | |a Ρ |b 139747 | ||
| 922 | |a 4ΕΛΗ |b 200710 |c ΕΠΕΑΕΚ2/ΠΤΔΕ |d ΠΑΠΑΣΩΤΗΡΙΟΥ | ||
| 970 | |a ΜΙΣΣΟΣ |b ΣΤΑΥΡΟΣ |z 2007/10/22 | ||